000 00662nam a2200205Ia 4500
003 OSt
005 20250129162250.0
008 210210b1991 xxu||||| |||| 00| 0 eng d
040 _cAL
041 _aKannada
082 _aK894.309 ARAN
100 _aARAVINDA MALAGATTI.
_9139255
_dಅರವಿಂದ ಮಾಲಗತ್ತಿ
245 _aNalku dalitiya kadambarigalu.
_bನಾಲ್ಕು ದಲಿತೀಯ ಕಾದಂಬರಿಗಳು
260 _aBengaluru
_bKannada Sangha
_c1991
300 _avi,78
650 _aDalita Kadambari Kusuma Bale Manaja Magi Karya
_9139256
690 _aKannada Criticism
_9139257
906 _a046574
942 _2ddc
_cBK
999 _c95991
_d95991